[Event "FIDE World Uni Blitz-A 1st"]
[Site "Tornelo INT"]
[Date "2021.03.13"]
[Round "9.54"]
[White "Bahamondes Cepeda, Jose Patricio"]
[Black "Sharma, Kunal"]
[Result "0-1"]
[WhiteElo "1893"]
[BlackElo "1324"]
[PlyCount "86"]
[EventDate "2021.03.13"]
[EventType "swiss (blitz)"]
[EventRounds "10"]
[EventCountry "NET"]
[SourceTitle "EXT 2022"]
[Source "ChessBase"]
[SourceDate "2021.10.06"]
[SourceVersion "1"]
[SourceVersionDate "2021.10.06"]
[SourceQuality "1"]

1. d4 d5 2. c4 e6 3. Nc3 Nf6 4. Nf3 a6 5. a4 Be7 6. Bf4 0-0 7. e3 dxc4 8. Bxc4 b6 9. 0-0 Bb7 10. Rc1 Nbd7 11. Bg3 c5 12. Qe2 Nh5 13. Rcd1 Nxg3 14. hxg3 Qc7 15. Ba2 Rfd8 16. Rc1 Rac8 17. Rfd1 Nf6 18. Ne5 Qb8 19. Nc4 Qa7 20. dxc5 Bxc5 21. Bb1 Ba8 22. Rxd8+ Rxd8 23. Rd1 Rc8 24. Nd2 Qb7 25. Qf1 a5 26. Nf3 Bb4 27. Nb5 Qe7 28. Qd3 Be4 29. Qe2 Bxb1 30. Rxb1 Qc5 31. Rd1 h6 32. Qd3 Qc2 33. b3 Ng4 34. Qxc2 Rxc2 35. Rf1 Rb2 36. Nbd4 e5 37. Nc6 Rxb3 38. Ncxe5 Nxe5 39. Nxe5 Ra3 40. Nc6 Bc5 41. Rb1 Kf8 42. Ne5 Ke7 43. Nd3 Kd6 0-1

[Event "FIDE World Uni Blitz-A 1st"]
[Site "Tornelo INT"]
[Date "2021.03.13"]
[Round "7.34"]
[White "Mollo, Jhoan"]
[Black "Sharma, Kunal"]
[Result "1-0"]
[WhiteElo "2073"]
[BlackElo "1324"]
[PlyCount "69"]
[EventDate "2021.03.13"]
[EventType "swiss (blitz)"]
[EventRounds "10"]
[EventCountry "NET"]
[SourceTitle "EXT 2022"]
[Source "ChessBase"]
[SourceDate "2021.10.06"]
[SourceVersion "1"]
[SourceVersionDate "2021.10.06"]
[SourceQuality "1"]

1. d4 d5 2. Bf4 Nf6 3. e3 c5 4. c3 Bf5 5. Nd2 e6 6. Ngf3 Bd6 7. Ne5 Nbd7 8. Be2 0-0 9. g4 Bg6 10. h4 h6 11. Nxg6 fxg6 12. Bxd6 Re8 13. f4 cxd4 14. exd4 Qb6 15. Ba3 Ne4 16. Nxe4 dxe4 17. Qb3 Qxb3 18. axb3 a6 19. Bd6 Rac8 20. Kd2 Rc6 21. Be5 Nxe5 22. fxe5 Rf8 23. Ke3 Rb6 24. b4 Rc6 25. Rhf1 Rc7 26. Rxf8+ Kxf8 27. Kxe4 Ke7 28. Rf1 b5 29. h5 g5 30. Bd3 Rc8 31. Ke3 Rc6 32. Bg6 Kd8 33. Rf8+ Ke7 34. Rf7+ Kd8 35. Rxg7 1-0